Statistics for All Cities and Towns in the United States that start with Y

Click here to take the quiz!

General Stats

  • This quiz has been taken 38 times
  • The average score is 20 of 92

Answer Stats

StateAnswer% Correct
WisconsinYork
66%
South CarolinaYork
66%
North DakotaYork
66%
AlabamaYork
66%
New YorkYork
66%
NebraskaYork
66%
WisconsinYork
66%
MichiganYork
66%
WisconsinYork
66%
PennsylvaniaYork
66%
MaineYork
66%
New YorkYonkers
59%
OhioYoungstown
55%
New YorkYoungstown
55%
PennsylvaniaYoungstown
55%
ArizonaYoungtown
55%
ArizonaYuma
55%
ColoradoYuma
55%
IndianaYorktown
45%
IowaYorktown
45%
New YorkYorktown
45%
South DakotaYale
31%
MichiganYale
31%
IllinoisYale
31%
IowaYale
31%
TexasYorkville
28%
New YorkYorkville
28%
IllinoisYorkville
28%
TennesseeYorkville
28%
WisconsinYorkville
28%
CaliforniaYorba Linda
24%
OhioYorkville
24%
OhioYorkville
24%
MississippiYazoo City
21%
LouisianaYoungsville
21%
PennsylvaniaYoungsville
21%
MichiganYpsilanti
21%
MichiganYpsilanti
21%
WisconsinYuba
21%
CaliforniaYuba City
21%
WashingtonYakima
17%
PennsylvaniaYardley
17%
MassachusettsYarmouth
17%
MaineYarmouth
17%
OhioYorkshire
17%
New YorkYorkshire
17%
North CarolinaYoungsville
17%
CaliforniaYreka
17%
OklahomaYukon
17%
MichiganYates
14%
New YorkYates
14%
KansasYates Center
14%
IllinoisYates City
14%
CaliforniaYucca Valley
14%
North CarolinaYadkinville
7%
FloridaYankeetown
7%
South DakotaYankton
7%
OhioYellow Springs
7%
IndianaYeoman
7%
PennsylvaniaYoe
7%
North CarolinaYanceyville
3%
MichiganYankee Springs
3%
GeorgiaYatesville
3%
PennsylvaniaYatesville
3%
AlabamaYellow Bluff
3%
WashingtonYelm
3%
PennsylvaniaYork Haven
3%
PennsylvaniaYork Springs
3%
GeorgiaYoung Harris
3%
PennsylvaniaYoungwood
3%
Puerto RicoYabucoa
0%
OregonYachats
0%
OregonYamhill
0%
ColoradoYampa
0%
OhioYankee Lake
0%
TexasYantis
0%
Puerto RicoYauco
0%
PennsylvaniaYeaton
0%
ArkansasYellville
0%
South CarolinaYemassee
0%
NevadaYerington
0%
IowaYetter
0%
GuamYigo
0%
TexasYoakum
0%
TexasYoakum
0%
WyomingYoder
0%
GuamYona
0%
OregonYoncalla
0%
PennsylvaniaYorkana
0%
CaliforniaYountville
0%
CaliforniaYucaipa
0%
NebraskaYutan
0%

Score Distribution

Percentile by Number Answered

Percent of People with Each Score

Your Score History

You have not taken this quiz